MARC

LEADER 00000nas a2200000 a 4500
001 ssj0007584
003 WaSeSS
005 20200512172242.0
006 m d
007 cr n
008 100805d19752004dcutr p s 0 a0eng c
010 |a  2012235300 
022 |a 2328-3726  |y 0883-105X 
035 |a (WaSeSS)ssj0007584 
040 |a OCLCE  |b eng  |c OCLCE  |d EYM  |d HUL  |d OCLCQ  |d DLC  |d OCLCF  |d OCLCQ  |d ZAC  |d UUM  |d OCLCO  |d W2U  |d OCLCO  |d WaSeSS 
042 |a dlr  |a pcc  |a nsdp 
043 |a n-us--- 
050 4 |a E175.8 
050 4 |a PS1  |b .F49 Suppl. 
082 0 0 |a 973/.05  |2 23 
210 0 |a Am. stud. int.  |b (Online) 
222 0 |a American studies international  |b (Online) 
245 0 0 |a American studies international  |h [electronic resource]. 
260 |a Washington, D.C. :  |b American Studies Program, George Washington University,  |c 1975-2004. 
310 |a 3 no. a year,  |b 1997-2004 
321 |a Quarterly,  |b 1975-1983 
321 |a 2 no. a year,  |b 1983-1996 
362 1 |a Began with v. 14, no. 1 (autumn 1975); ceased with v. 42, nos. 2 & 3 (June/Oct. 2004). 
500 |a Publisher varies. 
506 |a License restrictions may limit access. 
515 |a Vol. 21 (1983) shares numbering with: American studies international newsletter. 
538 |a Master and use copy. Digital master created according to Benchmark for Faithful Digital Reproductions of Monographs and Serials, Version 1. Digital Library Federation, December 2002.  |u http://purl.oclc.org/DLF/benchrepro0212  |5 MiAaHDL 
580 |a Vols. for 1975-1979 issued as a supplement to: American quarterly. 
583 1 |a digitized  |c 2010  |h HathiTrust Digital Library  |l committed to preserve  |2 pda  |5 MiAaHDL 
588 |a Description based on: Vol. XIV, no. 1 (autumn 1975); title from PDF cover (JSTOR, viewed May 18, 2012). 
588 |a Latest issue consulted: Vol. XLII, nos. 2 & 3 (June-October 2004) (JSTOR, viewed May 18, 2012). 
650 7 |a Study skills.  |2 fast  |0 (OCoLC)fst01136216 
651 0 |a United States  |x Study and teaching  |v Periodicals. 
651 6 |a États-Unis  |x Étude et enseignement  |v Périodiques. 
651 7 |a United States.  |2 fast  |0 (OCoLC)fst01204155 
655 0 |a Electronic journals. 
710 2 |a George Washington University.  |b American Studies Program. 
730 0 |a American quarterly. 
770 1 |t American studies international newsletter  |g 1983  |w (OCoLC)755130709 
772 1 |t American quarterly (Online)  |x 1080-6490  |g 1975-1979  |w (DLC)sn 95007062  |w (OCoLC)31864590 
776 0 8 |i Print version:  |t American studies international  |x 0883-105X  |w (DLC) 76649667  |w (OCoLC)2077111 
780 0 0 |t American studies  |w (OCoLC)565674861 
780 0 5 |t American studies international newsletter  |w (OCoLC)755130709 
785 0 4 |t American studies (Lawrence, Kan. : Online)  |x 2153-6856  |w (DLC) 2010207833  |w (OCoLC)298724566 
856 4 0 |z Full text available from Research Library: 10/01/1997 to 06/30/2004  |u https://search.proquest.com/publication/37260